000 00418nam a2200169Ia 4500
003 GCL
008 140319s9999 xx 000 0 eng d
040 _aGCL /
_cGCL
082 0 4 _a843
_bV T
100 1 _aVERNE, JULES
245 1 0 _aLE TOUR DU MONDE EN 80 JOURS /
_cVERNE, JULES
260 _a[S.N] :
_bLE LIVRE DE POCHE
300 _a33 P
650 0 4 _aLITERATURE
650 0 4 _aFRENCH LITERATURE
942 _2ddc
_cBK
999 _c22529
_d22529